000
00394nam a22001217a 4500
040
_c
RUA
082
_a
A294 ឌុំ 2020 C160 Or.1
100
_a
ឌុំ ដាវុយ,
245
_a
Frederick The Grear,ព្រះចៅហ្វ្រេដឺរិកមហារាជ
260
_a
PHNOM PENH
_b
RUA
_c
2020
300
_a
213p.
_b
ill.
_c
22cm.
942
_c
អភិវឌ្ឍន៍
999
_c
25672
_d
25672